Où se trouvent ces quartiers d'affaire français ? - Statistiques

Statistiques générales
  • Ce quiz a été pris 114 fois
  • Le résultat moyen est 6 sur 15
Statistiques - réponses
Hint Réponse % Correct
La Defense Paris
90%
Euralille Lille
86%
Part-Dieu Lyon
83%
Euroméditerranée Marseille
70%
Wacken Strasbourg
67%
Grand Matabiau Toulouse
54%
Meriadeck Bordeaux
30%
Châteaucreux Saint-Etienne
30%
Arenas Nice
25%
Saint-Saver Rouen
19%
Europole Grenoble
18%
Mont d'est Noisy le Grand
18%
Ecopôle Valmy Dijon
15%
La Courrouze Rennes
15%
Amphithéâtre Metz
14%
Aucun quiz correspondant
Distribution des résultats
% des personnes avec chaque résultat
Percentile par nombre de réponses
Votre historique - résultats
Vous n’avez pas pris ce quiz